Do you want to know a secret? (Record no. 75771)
[ view plain ]
| 000 -LEADER | |
|---|---|
| fixed length control field | 01461cab a2200229 4500 |
| 001 - CONTROL NUMBER | |
| control field | L130684 |
| 008 - FIXED-LENGTH DATA ELEMENTS--GENERAL INFORMATION | |
| fixed length control field | 050824n2005 000 0 eng u |
| 035 ## - SYSTEM CONTROL NUMBER | |
| System control number | (Sirsi) u130684 |
| 041 ## - LANGUAGE CODE | |
| Language code of text/sound track or separate title | eng |
| 100 ## - MAIN ENTRY--PERSONAL NAME | |
| Personal name | Williams, Peter J G |
| 245 ## - TITLE STATEMENT | |
| Title | Do you want to know a secret? |
| 260 ## - PUBLICATION, DISTRIBUTION, ETC. | |
| Date of publication, distribution, etc. | 2005 |
| 490 ## - SERIES STATEMENT | |
| Series statement | Estates Gazette |
| Volume/sequential designation | (0533) 20 August 2005, 62-64(3) |
| 520 ## - SUMMARY, ETC. | |
| Summary, etc. | Examines in detail the workings of the Freedom of Information Act 2000 (FOIA) which came fully into force on 1 January 2005. Subject to numerous exemptions FOIA imposes a legal duty on public authorities to provide information to members of the public and gives the public a legal right to obtain it. Provides the FOIA definition of a public authority and describes how FOIA operates and is overseen by the information commissioner. Considers the principal exemptions under the Act, in particular information that is reasonably accessible by other means, information provided in confidence and information prejudicial to a person's commercial interests. Also lists the Information Commissioner's Office's top 10 tips for FOIA compliance. |
| 590 ## - LOCAL NOTE (RLIN) | |
| Local note | IKA300805 |
| 650 ## - SUBJECT ADDED ENTRY--TOPICAL TERM | |
| Topical term or geographic name entry element | FREEDOM OF INFORMATION ACT 2000 |
| 650 ## - SUBJECT ADDED ENTRY--TOPICAL TERM | |
| Topical term or geographic name entry element | LAND REGISTRATION ACT 2002 S66 |
| 690 ## - LOCAL SUBJECT ADDED ENTRY--TOPICAL TERM (OCLC, RLIN) | |
| Topical term or geographic name as entry element | MANAGEMENT-BUSINESS MANAGEMENT-PROFESSIONAL PRACTICE |
| 700 ## - ADDED ENTRY--PERSONAL NAME | |
| Personal name | Johnston, Andrew |
| 856 ## - ELECTRONIC LOCATION AND ACCESS | |
| Uniform Resource Identifier | <a href="https://www.opsi.gov.uk/acts/acts2000/20000036.htm">https://www.opsi.gov.uk/acts/acts2000/20000036.htm</a> |
| Public note | View the Act free of charge at www.opsi.gov.uk... |
| 942 ## - ADDED ENTRY ELEMENTS (KOHA) | |
| Suppress in OPAC | 0 |
| Withdrawn status | Lost status | Source of classification or shelving scheme | Damaged status | Not for loan | Home library | Current library | Shelving location | Date acquired | Total Checkouts | Full call number | Barcode | Date last seen | Copy number | Price effective from | Koha item type |
|---|---|---|---|---|---|---|---|---|---|---|---|---|---|---|---|
| Dewey Decimal Classification | London | London | Journal article | 24/08/2005 | L130684 | 130684-1001 | 06/08/2019 | 1 | 06/08/2019 | Journal article |